|
|
|
|
| LEADER |
00000cam a2200000 7i4500 |
| 001 |
0000001932 |
| 005 |
20020520.0 |
| 020 |
0 |
0 |
|a 1853837822
|
| 090 |
0 |
0 |
|a 630
|b TUX 2001
|
| 100 |
1 |
0 |
|a TUXILL
|h John
|
| 245 |
1 |
0 |
|a People, plants and protected areas :
|b a guide to in situ management
|c John Tuxill and Gary Paul Nabhan
|
| 260 |
0 |
0 |
|a London :
|b Earthscan ,
|c 2001
|
| 300 |
|
|
|a xiv, 248 p. :
|b ill. ;
|c cm.
|
| 440 |
0 |
0 |
|a People and plants conservation manuals
|
| 500 |
0 |
0 |
|a Includes bibliography : p. 227-240 and index
|
| 650 |
0 |
0 |
|a Plant conservation
|
| 700 |
0 |
1 |
|a Nabhan
|h Gary Paul
|
| 998 |
|
|
|a JPSM
|
| 999 |
|
|
|a 0000003037
|b Monograph
|c Open Shelf
|e Default branch
|